| 000 | 00685nam a22002057a 4500 | ||
|---|---|---|---|
| 005 | 20120720105442.0 | ||
| 010 | _aG-002042 | ||
| 020 | _c50.00 | ||
| 035 | _aG-002042 | ||
| 037 |
_adpl _bGift |
||
| 082 | _a423 | ||
| 100 |
_aFunk, Wilfred. _950561 |
||
| 245 |
_aSix Weeks to Words of Power/ _cby Wilfred funk |
||
| 260 |
_aDelhi _bBinny Publishing House _c1986 |
||
| 270 |
_a1691, Nai Sarak _bDelhi _e110006 |
||
| 300 |
_a278p _c19cm. |
||
| 942 |
_2ddc _cEN _mFUN _h423 |
||
| 999 |
_c68522 _d68522 |
||